Analýza správania sa dojníc v podmienkach veľkovýrobnej technilógie voľného ustajnenia

Bibliographic Details
Main Author: Vavák, Viliam (Author)
Format: Article
Language:Slovak
PhysicalDescription:Tb. 5. Res. rus., angl.
Subjects:

MARC

LEADER 00000nab a2200000 a 4500
001 vtls000078342
003 SK-MaSNL
005 20260304054426.0
008 250422c1981 xo 0 slo
015 |a SNBRB19rr/mm-uuuuu 
035 |a CL0088443 
035 |a urn:nbn:sk:snk-abezy8 
035 |a (urnnbn)urn:nbn:sk:snk:ar-0050wj 
035 |a (uuid)bf267801-edc1-436e-9fbc-c9a2f7a468f6 
040 |a SNKBUCL  |b slo  |c SNKBUCL  |e AACR2 
041 0 |a slo 
044 |a xo  |c SK 
080 |a 636.2  |2 1981 
080 |a 636.08  |2 1981 
080 |a 591.5  |2 1981 
100 1 |a Vavák, Viliam  |4 aut  |9 783046 
245 1 0 |a Analýza správania sa dojníc v podmienkach veľkovýrobnej technilógie voľného ustajnenia  |c Viliam Vavák 
300 |b Tb. 5. Res. rus., angl. 
650 0 7 |a kravy  |2 snkbucl  |9 19691 
655 7 |a články z novín a časopisov  |2 snkbucl  |9 267496 
773 0 |t Poľnohospodárstvo  |g Roč. 27, č. 1 (1981), s. 44-51 
850 |a Slovenská národná knižnica 
852 |a Slovenská národná knižnica 
954 |a odborná, vedecká literatúra pôvodná (slovenská)  |2 lita 
958 |a article27 
958 |a RK 
958 |a OND 
958 |a EUIPO 
992 |a RBX 
999 |c 2718802  |d 2720732